01485nam a22002897a 450000500170000000700150001700800410003202000220007303500090009504000090010409000150011310000220012824500970015025600240024726000280027130000280029949000300032750002560035750602850061365000330089865000230093174000380095485600810099294200080107395200950108199900190117620240305165354.0cr|||| |||| 120309s20109999co |||||s|||| 00||0 spa d a978-958-648-665-1 a6215 avLex c3061d30611 aBaena Toro, Diego10aAnálisis Financieroh[Recurso electrónico] :bEnfoque y Proyecciones /cDiego Baena Toro aServicio en línea aBogotá :bEcoe,c2010 a1 recurso electrónico0 aCiencias Administrativas  aCONTENIDO: Las Finanzas. Generalidades del análisis financiero. Estados Financieros. Actividades para el cálculo del análisis financiero. Sistema de Valor agregado (SVA). Creación del Valor Financiero. Apalancamiento. Proyecciones Financieras.1 aContenido solo disponible en los productos indicadosdvLex Global dvLex Global (Academic Edition, excluding Law Schools) dvLex Global (U.S. Academic Edition, Law Schools) dvLex Global (U.S. Academic Edition, excluding Law Schools) dvLex Global (Academic Edition, Law Schools) 04aDerecho financierozColombia04aFinanzaszColombia0 avLex Libros (Servicio en línea)40uhttps://app.vlex.com/#/sources/analisis-financiero-enfoque-proyecciones-6215 cRAA 001040708VLEX9319477aBD-UINbBD-UINd2024-03-05l0p6215r2024-03-05w2024-03-05yRAA c161474d161474